000 00473nam a2200181Ia 4500
001 8119
005 20260306160545.0
008 260306t2012||||xx |||||||||||||| ||spa||
041 _aESP
082 _a370.112
_bS29
100 _aSchmidt, Gary
_eAUT
245 0 _aPractically human:
_bcollege professors speak from the heart of humanities education
260 _c2012
300 _a171 páginas :
_c20 cm.
650 _aGEN
654 _aCED
942 _cLIB
_dJUS
_fJUS
_2ddc
_n
999 _c8119
_d8119